[Event "British Chess Championships 2023: First Rapidplay U1450"]
[Site "The Venue, De Montfort University, 20 Western Boulevard, Leicester, LE2 7BU"]
[Date "2023.07.21"]
[Round "3"]
[Board "8"]
[White "Dean, Phil"]
[Black "Ewart, Thomas"]
[Result "1-0"]
[WhiteElo "1278"]
[BlackElo "1002"]
[PlyCount "0"]
[EventDate "2023.07.21"]
[EventRounds "7"]
[EventCountry "ENG"]

1. e4 c5 2. Nf3 Nc6 3. d4 cxd4 4. Nxd4 g6 5. Nc3 Bg7 6. Be3 Nf6 7. Bb5 Qb6 8. Qd2
Nxe4 9. Nxe4 Nxd4 10. Bxd4 Qxd4 11. Qxd4 Bxd4 12. O-O-O Bg7 13. Nc5 O-O 14. Nxd7
a6 15. Bc4 Bxd7 16. Rxd7 Rac8 17. Bb3 Bh6+ 18. Kb1 b5 19. Rxe7 Bg5 20. Rd7 Rcd8 21.
Rhd1 Rxd7 22. Rxd7 Bh4 23. g3 Bf6 24. a3 Rd8 25. Rxd8+ Bxd8 26. Kc1 Bb6 27. f3 Kg7
28. Kd2 Bg1 29. h3 f5 30. Kd3 a5 31. a4 b4 32. Kc4 Bb6 33. Kb5 Bc7 34. c3 bxc3 35.
bxc3 Bxg3 36. Kxa5 Be1 37. Kb4 Kf6 38. a5 Kg5 39. a6 Bf2 40. c4 Ba7 41. c5 Kh4 42.
c6 Kxh3 43. c7 g5 44. c8=Q g4 45. Qxf5 h5 46. fxg4 hxg4 47. Qh7+ Kg2 48. Qxa7 g3
49. Bd5+ Kh2 50. Qh7+ Kg1 51. a7 g2 52. Bxg2 Kxg2 53. a8=Q+ Kg3 54. Qf8 Kg4 55. Qhg7
Kh5 56. Qfh8+  1-0

[Event "British Chess Championships 2023: First Rapidplay U1450"]
[Site "The Venue, De Montfort University, 20 Western Boulevard, Leicester, LE2 7BU"]
[Date "2023.07.21"]
[Round "4"]
[Board "1"]
[White "Clare, Philip"]
[Black "Patel, Diah"]
[Result "1-0"]
[WhiteElo "1371"]
[BlackElo "1331"]
[PlyCount "0"]
[EventDate "2023.07.21"]
[EventRounds "7"]
[EventCountry "ENG"]

1. c4 e5 2. Nc3 Nf6 3. e4 Nc6 4. Nge2 g6 5. g3 Bg7 6. Bg2 d6 7. O-O O-O 8. d3 h6
9. Be3 Be6 10. Qd2 Ng4 11. h3 Nxe3 12. Qxe3 Nd4 13. Rac1 c6 14. f4 exf4 15. Rxf4
g5 16. Rf2 c5 17. Rcf1 Nxe2+ 18. Qxe2 Bd4 19. Qh5 Bxf2+ 20. Rxf2 f5 21. Qg6+ Kh8
22. Qxh6+ Kg8 23. Qxe6+ Kh8 24. exf5 Rf6 25. Qe3 Qg8 26. Nd5 Rf7 27. f6 Re8 28. Ne7
Qf8 29. Ng6+ Kh7 30. Nxf8+ Rfxf8 31. Qxg5 Rg8 32. Qh5#  1-0

[Event "British Chess Championships 2023: First Rapidplay U1450"]
[Site "The Venue, De Montfort University, 20 Western Boulevard, Leicester, LE2 7BU"]
[Date "2023.07.21"]
[Round "4"]
[Board "2"]
[White "Boothman, George D"]
[Black "Butler, Rene"]
[Result "1-0"]
[WhiteElo "1252"]
[BlackElo "1359"]
[PlyCount "0"]
[EventDate "2023.07.21"]
[EventRounds "7"]
[EventCountry "ENG"]

1. e4 c5 2. c3 d6 3. d4 cxd4 4. cxd4 Nf6 5. Nc3 g6 6. Nf3 Bg7 7. Bd3 O-O 8. O-O Nc6
9. d5 Nb4 10. a3 Nxd3 11. Qxd3 a6 12. Bd2 Bg4 13. Ne1 b5 14. h3 Bd7 15. Be3 Rc8 16.
Rc1 h6 17. Qd2 g5 18. f4 Nh7 19. fxg5 Nxg5 20. Bxg5 hxg5 21. Qxg5 Qb6+ 22. Kh2 Qd4
23. Qxe7 Be5+ 24. Kh1 Rcd8 25. Nf3 Qxe4 26. Nxe4 Rfe8 27. Qg5+ Bg7 28. Nf6+ Kf8 29.
Nxe8 Rxe8 30. Rc7 Be6 31. Nh4 Kg8 32. Nf5 Bxf5 33. Qxf5  1-0

[Event "British Chess Championships 2023: First Rapidplay U1450"]
[Site "The Venue, De Montfort University, 20 Western Boulevard, Leicester, LE2 7BU"]
[Date "2023.07.21"]
[Round "4"]
[Board "3"]
[White "Vijayanand, Sanjai Rathinam"]
[Black "English, Aron"]
[Result "1/2-1/2"]
[WhiteElo "1226"]
[BlackElo "1353"]
[PlyCount "0"]
[EventDate "2023.07.21"]
[EventRounds "7"]
[EventCountry "ENG"]

1. e4 c5 2. c4 Nc6 3. Nc3 Nf6 4. Nf3 d6 5. d4 Bg4 6. d5 Nd4 7. Be2 Qa5 8. Nxd4 cxd4
9. Qxd4 Bxe2 10. Kxe2 g6 11. Re1 Bg7 12. Kf1 O-O 13. e5 Nd7 14. Bf4 Nxe5 15. Bxe5
Bxe5 16. Qh4 Rfe8 17. Kg1 Rac8 18. f4 Bd4+ 19. Kh1 Qc7 20. Rad1 Bxc3 21. bxc3 Qd7
22. Rd4 e6 23. h3 Re7 24. Qg4 Rce8 25. Rde4 f5 26. dxe6 Rxe6 27. Rxe6 Rxe6 28. Qg3
Rxe1+ 29. Qxe1 Qc6 30. Qe6+ Kg7 31. Kh2 a6 32. g4 fxg4 33. hxg4 Qc7 34. Kg3 Qd8 35.
g5 h6 36. gxh6+ Kxh6 37. Qh3+ Kg7 38. Qe6 Qf6 39. Qd7+ Kh6 40. Qh3+ Kg7 41. Qd7+
Kh6  1/2-1/2

[Event "British Chess Championships 2023: First Rapidplay U1450"]
[Site "The Venue, De Montfort University, 20 Western Boulevard, Leicester, LE2 7BU"]
[Date "2023.07.21"]
[Round "4"]
[Board "4"]
[White "Hilmi, Sofia"]
[Black "Ovens, James A"]
[Result "1-0"]
[WhiteElo "1128"]
[BlackElo "1234"]
[PlyCount "0"]
[EventDate "2023.07.21"]
[EventRounds "7"]
[EventCountry "ENG"]

1. e4 g6 2. d4 Bg7 3. d5 a6 4. Nc3 c5 5. Bf4 d6 6. Nf3 Bg4 7. Be2 b5 8. a3 b4 9.
axb4 cxb4 10. Na4 Bxf3 11. Bxf3 Nd7 12. O-O a5 13. c3 bxc3 14. Nxc3 Qb6 15. Ra2 Ne5
16. Be2 Nf6 17. Bb5+ Nfd7 18. Be3 Qc7 19. f4 Nc4 20. Bd4 O-O 21. Bxg7 Kxg7 22. Qd4+
f6 23. Bxd7 Nb6 24. Bc6 Rac8 25. Nb5 Qd8 26. Rxa5 Nd7 27. Ra7 Nc5 28. f5 g5 29. Rf3
Qb6 30. Rxe7+ Kh8 31. Na3 Rb8 32. Rh3 Nd7 33. Rhxh7+ Kg8 34. Reg7#  1-0

[Event "British Chess Championships 2023: First Rapidplay U1450"]
[Site "The Venue, De Montfort University, 20 Western Boulevard, Leicester, LE2 7BU"]
[Date "2023.07.21"]
[Round "4"]
[Board "5"]
[White "Krishna, Vedansh"]
[Black "Boothman, Jeffrey A"]
[Result "0-1"]
[WhiteElo "1013"]
[BlackElo "1352"]
[PlyCount "0"]
[EventDate "2023.07.21"]
[EventRounds "7"]
[EventCountry "ENG"]

1. d4 d6 2. Bf4 Nf6 3. e3 c6 4. Nf3 Bg4 5. c3 Nbd7 6. Nbd2 e5 7. dxe5 dxe5 8. Bg3
e4 9. Nxe4 Nxe4 10. Bf4 Be7 11. h3 Bxf3 12. Qxf3 Ndf6 13. g4 O-O 14. g5 Qd2#  0-1

[Event "British Chess Championships 2023: First Rapidplay U1450"]
[Site "The Venue, De Montfort University, 20 Western Boulevard, Leicester, LE2 7BU"]
[Date "2023.07.21"]
[Round "4"]
[Board "6"]
[White "Krishna, Medha"]
[Black "Dean, Phil"]
[Result "0-1"]
[WhiteElo "790"]
[BlackElo "1278"]
[PlyCount "0"]
[EventDate "2023.07.21"]
[EventRounds "7"]
[EventCountry "ENG"]

1. e4 c6 2. Nf3 d5 3. exd5 cxd5 4. Bb5+ Nc6 5. Ne5 Bd7 6. Nxd7 Qxd7 7. O-O a6 8.
Bxc6 Qxc6 9. Nc3 e5 10. Re1 Bd6 11. d4 e4 12. Be3 Nf6 13. h3 O-O 14. Bg5 Nd7 15.
Qg4 g6 16. Bh6 Rfe8 17. a3 Nf6 18. Qh4 Be7 19. Bg5 Rad8 20. b4 Qxc3 21. Bxf6 Bxf6
22. Qxf6 Qxc2 23. Rac1 Qa2 24. f3 Rc8 25. Rxc8 Rxc8 26. fxe4 Qd2 27. Kf1 dxe4 28.
g4 e3 29. h4 Rc1 30. Rxc1 Qxc1+ 31. Ke2 Qd2+ 32. Kf3 Qf2+ 33. Ke4 Qxf6 34. Kxe3 Qxh4
35. d5 Qxg4 36. d6 Qe6+ 37. Kf3 Qxd6 38. Ke2 Qd4 39. Kf1 Qe3 40. a4 Kg7 41. Kg2 Kf6
42. Kh1 Qe2 43. Kg1 Kg5 44. b5 a5 45. b6 Kg4 46. Kh1 Kg3 47. Kg1 Qe1#  0-1

[Event "British Chess Championships 2023: First Rapidplay U1450"]
[Site "The Venue, De Montfort University, 20 Western Boulevard, Leicester, LE2 7BU"]
[Date "2023.07.21"]
[Round "4"]
[Board "8"]
[White "Ewart, Thomas"]
[Black "Ewart, Samuel"]
[Result "1-0"]
[WhiteElo "1002"]
[BlackElo "1086"]
[PlyCount "0"]
[EventDate "2023.07.21"]
[EventRounds "7"]
[EventCountry "ENG"]

1. e4 e5 2. Nf3 Nc6 3. Bc4 Bc5 4. d3 h6 5. Be3 Bxe3 6. fxe3 Nf6 7. c3 O-O 8. d4 Qe7
9. Nbd2 Nxe4 10. Nxe4 exd4 11. Ng3 Qxe3+ 12. Qe2 Qxe2+ 13. Nxe2 dxc3 14. Nxc3 Re8+
15. Be2 d6 16. O-O d5 17. Bd3 d4 18. Nb5 Re3 19. Nxc7 Rb8 20. Bc2 Bg4 21. Rae1 Rxe1
22. Rxe1 g5 23. Re8+ Rxe8 24. Nxe8 Bxf3 25. gxf3 Nb4 26. Bb3 d3 27. Nd6 d2 28. Nxb7
Nxa2 29. Na5 Nc1 30. Bc2 Ne2+ 31. Kf2 Nd4 32. Ba4 Kg7 33. Ke3 Nf5+ 34. Kxd2 Kg6 35.
Bc2 h5 36. Bxf5+ Kxf5 37. Nc6 a6 38. Ke3 g4 39. f4 h4 40. Nd4+ Kg6 41. f5+ Kg5 42.
Ke4 f6 43. Kd5 Kf4 44. Ke6 g3 45. hxg3+ hxg3 46. Ne2+ Kg5 47. Nxg3 a5  1-0

[Event "British Chess Championships 2023: First Rapidplay U1450"]
[Site "The Venue, De Montfort University, 20 Western Boulevard, Leicester, LE2 7BU"]
[Date "2023.07.21"]
[Round "5"]
[Board "1"]
[White "Clare, Philip"]
[Black "Boothman, George D"]
[Result "0-1"]
[WhiteElo "1371"]
[BlackElo "1252"]
[PlyCount "0"]
[EventDate "2023.07.21"]
[EventRounds "7"]
[EventCountry "ENG"]

1. c4 g6 2. Nc3 Bg7 3. g3 d6 4. Bg2 c6 5. e4 Nf6 6. Nge2 O-O 7. d4 Nbd7 8. O-O e5
9. d5 c5 10. Be3 Nb6 11. b3 Bd7 12. Qd2 Nc8 13. f4 Ng4 14. f5 Nxe3 15. Qxe3 f6 16.
g4 Ne7 17. Nb5 Bxb5 18. cxb5 g5 19. Ng3 Rf7 20. Nh5 Qa5 21. a4 a6 22. Nxf6+ Bxf6
23. Rf3 axb5 24. Rh3 bxa4 25. Rxa4 Qd8 26. Qe2 Rxa4 27. bxa4 Qa5 28. Ra3 Rf8 29.
Qb5 b6 30. Qd7 Qe1+ 31. Bf1 Qxe4 32. Qxd6 Qxg4+ 33. Bg2 Qxf5 34. Qxb6 Qc8 35. d6
Nf5 36. Bh3 Bd8 37. Qb1 c4 38. Rc3 Qc5+ 39. Kh1 Ne3 40. Qe4 Qxd6 41. Rxe3 Bb6 42.
Qxc4+ Kh8 43. Rd3 Qc5 44. Qxc5 Bxc5 45. Rd5 Bd4 46. a5 Ra8 47. Bf5 Bc3 48. Rd7 Rxa5
49. Rxh7+ Kg8 50. Rc7 Bd4 51. Rc8+ Kg7 52. Rc7+ Kf6 53. Bd3 Rc5 54. Rb7 Rc3 55. Bf1
e4 56. Rd7 Be5 57. Kg2 Rc2+ 58. Kh3 Rxh2+ 59. Kg4 Rh4#  0-1

[Event "British Chess Championships 2023: First Rapidplay U1450"]
[Site "The Venue, De Montfort University, 20 Western Boulevard, Leicester, LE2 7BU"]
[Date "2023.07.21"]
[Round "5"]
[Board "2"]
[White "Patel, Diah"]
[Black "Vijayanand, Sanjai Rathinam"]
[Result "1-0"]
[WhiteElo "1331"]
[BlackElo "1226"]
[PlyCount "0"]
[EventDate "2023.07.21"]
[EventRounds "7"]
[EventCountry "ENG"]

1. e4 e5 2. Nf3 Nc6 3. Nc3 Nf6 4. d4 Bb4 5. d5 Ne7 6. Bd3 d6 7. Bd2 c6 8. a3 Bc5
9. b4 Bd4 10. Nxd4 exd4 11. Ne2 cxd5 12. exd5 Nexd5 13. Nxd4 Be6 14. c4 Nc7 15. Nxe6
Nxe6 16. O-O O-O 17. Qf3 d5 18. c5 Ne4 19. Be3 Qh4 20. Qf5 Qd8 21. Rad1 Nf6 22. Bd2
b6 23. c6 Qd6 24. Qf3 Qxc6 25. Qg3 a5 26. Rc1 Qa4 27. Bc3 d4 28. Bb2 axb4 29. axb4
Qxb4 30. Ba1 Qe7 31. f4 Rfd8 32. Rce1 Qd7 33. Bb2 Nc5 34. Bb1 Re8 35. Rd1 Nb3 36.
Qxb3 Qe7 37. Bxd4 Ng4 38. Qh3 Nf6 39. Bxf6 Qxf6 40. Qxh7+ Kf8 41. Qh8+ Ke7 42. Rfe1+
Qe6 43. Rxe6+ fxe6 44. Qxg7#  1-0

[Event "British Chess Championships 2023: First Rapidplay U1450"]
[Site "The Venue, De Montfort University, 20 Western Boulevard, Leicester, LE2 7BU"]
[Date "2023.07.21"]
[Round "5"]
[Board "3"]
[White "English, Aron"]
[Black "Butler, Rene"]
[Result "1/2-1/2"]
[WhiteElo "1353"]
[BlackElo "1359"]
[PlyCount "0"]
[EventDate "2023.07.21"]
[EventRounds "7"]
[EventCountry "ENG"]

1. e4 g6 2. Nf3 Bg7 3. Nc3 d6 4. d4 Nf6 5. Bc4 O-O 6. O-O a6 7. Be3 b5 8. Bb3 b4
9. Nd5 Nxd5 10. Bxd5 c6 11. Bc4 Bg4 12. Be2 Nd7 13. h3 Bxf3 14. Bxf3 Rc8 15. Rb1
c5 16. Bg4 cxd4 17. Bxd4 Bxd4 18. Qxd4 Rxc2 19. Qxb4 Ne5 20. Qa4 Rd2 21. Qb4 Rd3
22. Be2 Nc6 23. Qc4 Ne5 24. Qxa6 Rd2 25. Rfd1 Rxd1+ 26. Rxd1 Qc7 27. Qa4 Rb8 28.
Rd2 Qc1+ 29. Qd1 Qc5 30. a4 Qb4 31. Bb5 Nc4 32. Rd4 Nxb2 33. Rxb4 Nxd1 34. Rb3 Kf8
35. Kf1 Rc8 36. Rb1 Nc3 37. Rc1 e6 38. f3 Ke7 39. a5 Kd8 40. Be2 Nxe2 41. Rxc8+ Kxc8
42. Kxe2  1/2-1/2

[Event "British Chess Championships 2023: First Rapidplay U1450"]
[Site "The Venue, De Montfort University, 20 Western Boulevard, Leicester, LE2 7BU"]
[Date "2023.07.21"]
[Round "5"]
[Board "4"]
[White "Boothman, Jeffrey A"]
[Black "Ovens, James A"]
[Result "1-0"]
[WhiteElo "1352"]
[BlackElo "1234"]
[PlyCount "0"]
[EventDate "2023.07.21"]
[EventRounds "7"]
[EventCountry "ENG"]

1. e4 g6 2. Nf3 d6 3. d4 Bg7 4. Bc4 Nc6 5. O-O a6 6. c3 Bg4 7. Nbd2 b5 8. Bd3 Nf6
9. Re1 O-O 10. h3 Bc8 11. Nf1 Bb7 12. Be3 b4 13. Qd2 a5 14. Bh6 bxc3 15. bxc3 e6
16. Bxg7 Kxg7 17. Qf4 h6 18. Ne3 Nh5 19. Qh2 Ne7 20. g4 Nf6 21. g5 Nxe4 22. Bxe4
Bxe4 23. gxh6+ Kh7 24. Ng5+ Kxh6 25. Nxe4 d5 26. Qf4+ Kg7 27. Ng5 Rh8 28. Qe5+ f6
29. Nxe6+  1-0

[Event "British Chess Championships 2023: First Rapidplay U1450"]
[Site "The Venue, De Montfort University, 20 Western Boulevard, Leicester, LE2 7BU"]
[Date "2023.07.21"]
[Round "5"]
[Board "5"]
[White "Dean, Phil"]
[Black "Hilmi, Sofia"]
[Result "1-0"]
[WhiteElo "1278"]
[BlackElo "1128"]
[PlyCount "0"]
[EventDate "2023.07.21"]
[EventRounds "7"]
[EventCountry "ENG"]

1. e4 e5 2. Nf3 Nc6 3. Bc4 h6 4. d4 Nf6 5. Nc3 d6 6. O-O Bg4 7. Be3 Bxf3 8. gxf3
Be7 9. d5 Nb4 10. a3 Na6 11. Bb5+ Nd7 12. Kh1 O-O 13. Rg1 Kh7 14. Qf1 Rg8 15. Bxa6
bxa6 16. Qxa6 Nb6 17. Qe2 Qd7 18. f4 Qh3 19. Rg3 Qh4 20. fxe5 dxe5 21. Rag1 Nd7 22.
Qf3 Qf6 23. Nb5 Bd6 24. Qf5+ Qxf5 25. exf5 a6 26. Nc3 Rab8 27. b4 f6 28. Ne2 Nb6
29. Bxb6 cxb6 30. Rc3 Rbc8 31. Rxc8 Rxc8 32. c3 b5 33. Kg2 Rc4 34. Kf3 e4+ 35. Ke3
Bxh2 36. Rg4 Be5 37. Rxe4 Rxe4+ 38. Kxe4 g6 39. Nd4 h5 40. fxg6+ Kxg6 41. Ne6 Bxc3
42. d6 f5+ 43. Kd5 h4 44. d7 Bf6 45. Kd6 h3 46. Nf4 Kh5 47. Nxh3 Bd8 48. Nf4+ Kg4
49. Ne6 Bf6 50. d8=Q Bxd8 51. Nxd8 f4 52. Ke5 f3 53. Ke4  1-0

[Event "British Chess Championships 2023: First Rapidplay U1450"]
[Site "The Venue, De Montfort University, 20 Western Boulevard, Leicester, LE2 7BU"]
[Date "2023.07.21"]
[Round "5"]
[Board "6"]
[White "Van Neerven, Yvon"]
[Black "Krishna, Medha"]
[Result "1-0"]
[WhiteElo "1228"]
[BlackElo "790"]
[PlyCount "0"]
[EventDate "2023.07.21"]
[EventRounds "7"]
[EventCountry "ENG"]

1. d4 c6 2. e4 d5 3. exd5 cxd5 4. Nc3 Nf6 5. Nf3 Bf5 6. Bf4 Nc6 7. Bb5 Bd7 8. O-O
a6 9. Ba4 b5 10. Bb3 Bg4 11. h3 Bh5 12. Qd3 e6 13. Ne5 Nb4 14. Qd2 Bd6 15. a4 bxa4
16. Bxa4+ Kf8 17. Bg5 h6 18. Bxf6 Qxf6 19. Nd7+ Ke7 20. Nxf6 gxf6 21. Rfe1 Rhg8 22.
Qxh6 Bf3 23. g3 f5 24. Qh4+ f6 25. Qh7+ Kf8 26. Rxe6 Rd8 27. Rxf6#  1-0

[Event "British Chess Championships 2023: First Rapidplay U1450"]
[Site "The Venue, De Montfort University, 20 Western Boulevard, Leicester, LE2 7BU"]
[Date "2023.07.21"]
[Round "5"]
[Board "7"]
[White "Ewart, Samuel"]
[Black "Krishna, Vedansh"]
[Result "0-1"]
[WhiteElo "1086"]
[BlackElo "1013"]
[PlyCount "0"]
[EventDate "2023.07.21"]
[EventRounds "7"]
[EventCountry "ENG"]

1. d4 c6 2. e4 d5 3. e5 Bf5 4. Nf3 e6 5. Nc3 Bb4 6. Bd2 Bxc3 7. Bxc3 Ne7 8. Bd3 Bxd3
9. Qxd3 O-O 10. O-O-O Nd7 11. h4 c5 12. Rdg1 c4 13. Qe3 Nf5 14. Qf4 a5 15. g4 Ne7
16. h5 b5 17. g5 b4 18. g6 fxg6 19. Qg5 Rxf3 20. Be1 Nf5 21. Qg4 Nxd4 22. Qxd4 g5
23. Qg4 Rf5 24. Bd2 Nxe5 25. Qh3 Nf3 26. Rg3 Nxd2 27. Kxd2 Rxf2+ 28. Ke1 Rf5 29.
Re3 Qf6 30. Rh2 Re5 31. Rxe5 Qxe5+ 32. Re2 Qf5 33. Qg3 Rf8 34. Qc7 Qf1+ 35. Kd2 Qf4+
36. Kd1 Qxc7 37. Rxe6 Qg3 38. c3 Qg4+ 39. Re2 Rf2 40. cxb4 Qxe2+ 41. Kc1 Rf1#  0-1

[Event "British Chess Championships 2023: First Rapidplay U1450"]
[Site "The Venue, De Montfort University, 20 Western Boulevard, Leicester, LE2 7BU"]
[Date "2023.07.21"]
[Round "6"]
[Board "1"]
[White "Boothman, George D"]
[Black "Patel, Diah"]
[Result "1-0"]
[WhiteElo "1252"]
[BlackElo "1331"]
[PlyCount "0"]
[EventDate "2023.07.21"]
[EventRounds "7"]
[EventCountry "ENG"]

1. e4 e5 2. Nf3 Nc6 3. Bc4 Nf6 4. d3 g6 5. O-O Bg7 6. a4 O-O 7. c3 d6 8. b4 h6 9.
Be3 g5 10. a5 b6 11. axb6 cxb6 12. Nbd2 g4 13. Nh4 Ne7 14. f4 Be6 15. Bxe6 fxe6 16.
fxe5 dxe5 17. Nc4 Qc7 18. Qd2 Nxe4 19. dxe4 Qxc4 20. Rxf8+ Rxf8 21. Bxh6 Bxh6 22.
Qxh6 a5 23. Qg5+ Kf7 24. Qh5+ Kg7 25. Qxg4+ Kh7 26. Qh5+ Kg7 27. Qxe5+ Kh6 28. Nf3
Ng6 29. Qg5+ Kg7 30. bxa5 Qxc3 31. Rc1 Qb2 32. Rc7+ Rf7 33. Rxf7+ Kxf7 34. axb6 Qxb6+
35. Kf1 Qb1+ 36. Kf2 Qxe4 37. Qe3 Qc2+ 38. Kg3 Qc7+ 39. Kg4 Qc4+ 40. Qd4 Qe2 41.
Kg3 e5 42. Qd7+ Ne7 43. Ng5+ Kf6 44. h4 Qe3+ 45. Kh2 Qf4+ 46. Kh3 Qe3+ 47. g3 Qe2
48. Qe6+ Kg7 49. Qxe7+ Kg6 50. Qf7+ Kh6 51. Qf6+ Kh5 52. g4+  1-0

[Event "British Chess Championships 2023: First Rapidplay U1450"]
[Site "The Venue, De Montfort University, 20 Western Boulevard, Leicester, LE2 7BU"]
[Date "2023.07.21"]
[Round "6"]
[Board "2"]
[White "Boothman, Jeffrey A"]
[Black "Clare, Philip"]
[Result "0-1"]
[WhiteElo "1352"]
[BlackElo "1371"]
[PlyCount "0"]
[EventDate "2023.07.21"]
[EventRounds "7"]
[EventCountry "ENG"]

1. e4 c5 2. Nf3 Nc6 3. c3 Nf6 4. d3 e5 5. Be2 Be7 6. c4 O-O 7. O-O d6 8. Nc3 Be6
9. Bg5 h6 10. Bxf6 Bxf6 11. Nd2 Qd7 12. f4 exf4 13. Rxf4 Be5 14. Rf1 Nd4 15. Nf3
Nxe2+ 16. Qxe2 Bg4 17. Qf2 Bxf3 18. Qxf3 Qe7 19. Qh3 Qg5 20. Rf5 Bd4+ 21. Kh1 Qd2
22. Raf1 f6 23. Ne2 Qxe2 24. Qg3 Rae8 25. h4 Re5 26. Rxf6 Rxf6 27. Rxf6 Qd1+ 28.
Kh2 Qg1+ 29. Kh3 Qh1+ 30. Kg4 h5+ 31. Kf4 Qf1+  0-1

[Event "British Chess Championships 2023: First Rapidplay U1450"]
[Site "The Venue, De Montfort University, 20 Western Boulevard, Leicester, LE2 7BU"]
[Date "2023.07.21"]
[Round "6"]
[Board "3"]
[White "English, Aron"]
[Black "Van Neerven, Yvon"]
[Result "1-0"]
[WhiteElo "1353"]
[BlackElo "1228"]
[PlyCount "0"]
[EventDate "2023.07.21"]
[EventRounds "7"]
[EventCountry "ENG"]

1. e4 c6 2. Nf3 d5 3. exd5 cxd5 4. d4 Nc6 5. Nc3 Nf6 6. Bb5 Bd7 7. Bg5 a6 8. Ba4
b5 9. Bb3 a5 10. Bxf6 gxf6 11. Bxd5 Qb6 12. Qd2 Rc8 13. O-O Bg4 14. Rfe1 Bxf3 15.
Bxf3 Nxd4 16. Nd5 Nxf3+ 17. gxf3 Qa6 18. Rad1 Qd6 19. Nxf6+ Kd8 20. Qxa5+ Rc7 21.
Rxd6+ exd6 22. Re8#  1-0

[Event "British Chess Championships 2023: First Rapidplay U1450"]
[Site "The Venue, De Montfort University, 20 Western Boulevard, Leicester, LE2 7BU"]
[Date "2023.07.21"]
[Round "6"]
[Board "4"]
[White "Butler, Rene"]
[Black "Dean, Phil"]
[Result "1-0"]
[WhiteElo "1359"]
[BlackElo "1278"]
[PlyCount "0"]
[EventDate "2023.07.21"]
[EventRounds "7"]
[EventCountry "ENG"]

1. d4 Nf6 2. Bg5 d5 3. Bxf6 gxf6 4. Nf3 Bh6 5. e3 Bf5 6. Bd3 Bg6 7. Bxg6 hxg6 8.
Nc3 Qd6 9. Qd3 Nc6 10. Nb5 Qb4+ 11. c3 Qa5 12. O-O O-O-O 13. Nd2 Qb6 14. Nb3 e5 15.
Na3 e4 16. Qe2 Rh7 17. c4 Nb4 18. c5 Qc6 19. Nb5 Qa6 20. a4 Nd3 21. Nc1 Nb4 22. Qd2
Nc6 23. Nb3 Rdh8 24. h3 f5 25. Nc3 Nb4 26. Na2 Nd3 27. Nac1 g5 28. Nxd3 exd3 29.
Rfd1 g4 30. h4 g3 31. fxg3 Qg6 32. Qf2 Bg5 33. Rxd3 Bxh4 34. gxh4 Rxh4 35. Kf1 f4
36. Rad1 fxe3 37. Rxe3 Rh1+ 38. Ke2 Qg4+ 39. Qf3 Qxf3+ 40. Rxf3 Re8+ 41. Kd2 Rh2
42. Rg1 Kd7 43. Rxf7+ Kc6 44. Rf6+ Re6 45. Rxe6+  1-0

[Event "British Chess Championships 2023: First Rapidplay U1450"]
[Site "The Venue, De Montfort University, 20 Western Boulevard, Leicester, LE2 7BU"]
[Date "2023.07.21"]
[Round "6"]
[Board "5"]
[White "Ovens, James A"]
[Black "Vijayanand, Sanjai Rathinam"]
[Result "0-1"]
[WhiteElo "1234"]
[BlackElo "1226"]
[PlyCount "0"]
[EventDate "2023.07.21"]
[EventRounds "7"]
[EventCountry "ENG"]

1. b3 d5 2. Bb2 Nc6 3. e3 e5 4. Bb5 e4 5. f4 f5 6. Ne2 Nf6 7. g3 a6 8. Bxc6+ bxc6
9. d3 Be7 10. Nd2 O-O 11. dxe4 fxe4 12. h3 Be6 13. Nf1 Bb4+ 14. Nd2 Qd7 15. g4 Ne8
16. a3 Bc5 17. Nf1 Rd8 18. Qd2 Nd6 19. a4 Rb8 20. f5 Bf7 21. Qc3 Bb4  0-1

[Event "British Chess Championships 2023: First Rapidplay U1450"]
[Site "The Venue, De Montfort University, 20 Western Boulevard, Leicester, LE2 7BU"]
[Date "2023.07.21"]
[Round "6"]
[Board "6"]
[White "Hilmi, Sofia"]
[Black "Ewart, Thomas"]
[Result "0-1"]
[WhiteElo "1128"]
[BlackElo "1002"]
[PlyCount "0"]
[EventDate "2023.07.21"]
[EventRounds "7"]
[EventCountry "ENG"]

1. e4 e5 2. Nf3 Nc6 3. Nc3 Nf6 4. Bc4 Bb4 5. a3 Ba5 6. d3 O-O 7. Bg5 h6 8. Bh4 d6
9. h3 Nd4 10. O-O Be6 11. Bb3 Bxb3 12. cxb3 Qe7 13. b4 Bb6 14. Nd5 Qe6 15. Bxf6 gxf6
16. a4 a5 17. bxa5 Bxa5 18. b4 c6 19. Nxf6+ Qxf6 20. bxa5 Rxa5 21. Nxd4 exd4 22.
Qd2 Kh7 23. Qxa5 Rg8 24. Qb6 Qg6 25. g3 Qh5 26. Kh2 Qg5 27. Qxb7 Rg7 28. Qxc6 h5
29. Rg1 Qd2 30. Rgf1 h4 31. Qxd6 hxg3+ 32. Kg1 gxf2+ 33. Kh1 Qxd3 34. Rxf2 Qe3 35.
Qh2 Rg3  0-1

[Event "British Chess Championships 2023: First Rapidplay U1450"]
[Site "The Venue, De Montfort University, 20 Western Boulevard, Leicester, LE2 7BU"]
[Date "2023.07.21"]
[Round "6"]
[Board "7"]
[White "Krishna, Medha"]
[Black "Krishna, Vedansh"]
[Result "1/2-1/2"]
[WhiteElo "790"]
[BlackElo "1013"]
[PlyCount "0"]
[EventDate "2023.07.21"]
[EventRounds "7"]
[EventCountry "ENG"]

1. e4 c6 2. Nf3 d5 3. e5 Bf5 4. Nc3 e6 5. Be2 Bc5 6. O-O Ne7 7. h3 O-O 8. d4 Bb4
9. Bd2 Bxc3 10. Bxc3 Nd7 11. Qd2 c5 12. dxc5 Nxc5 13. Bb4 Ne4 14. Qe3 Re8 15. Nd4
Nc6 16. Nxc6 bxc6 17. f3 Qg5 18. Qxg5 Nxg5 19. h4 Nxf3+ 20. Rxf3 Bxc2 21. Bd3 Bxd3
22. Rxd3 a5 23. Bd2 c5 24. Rc1 c4 25. Rg3 Reb8 26. Bh6 g6 27. h5 Rxb2 28. Ra1 d4
29. Rg4 c3 30. Kh2 d3 31. Rd1 Rd8 32. Rg3 d2  1/2-1/2

[Event "British Chess Championships 2023: First Rapidplay U1450"]
[Site "The Venue, De Montfort University, 20 Western Boulevard, Leicester, LE2 7BU"]
[Date "2023.07.21"]
[Round "7"]
[Board "1"]
[White "Boothman, George D"]
[Black "English, Aron"]
[Result "0-1"]
[WhiteElo "1252"]
[BlackElo "1353"]
[PlyCount "0"]
[EventDate "2023.07.21"]
[EventRounds "7"]
[EventCountry "ENG"]

1. e4 e5 2. Nf3 Nc6 3. Bc4 Be7 4. O-O d6 5. c3 Bg4 6. d3 Nf6 7. Be3 O-O 8. b4 a6
9. a4 Re8 10. Nbd2 Bf8 11. Qb3 Be6 12. Bg5 h6 13. Bxf6 Qxf6 14. b5 Na5 15. Qa2 Nxc4
16. Nxc4 axb5 17. Qb2 bxc4 18. dxc4 Bxc4 19. Rfd1 Ba6 20. Rd2 Qf4 21. Qc2 b6 22.
Re1 Rad8 23. Re3 c6 24. g3 Qf6 25. Ne1 d5 26. exd5 cxd5 27. Rf3 Qe6 28. Qb2 Bb7 29.
Re3 Qc6 30. f3 Bc5 31. Kf2 Bxe3+ 32. Kxe3 Qc5+ 33. Ke2 Ba6+ 34. Nd3 e4 35. Kd1 Bxd3
 0-1